[Event "RUS Spartakiad U18"]
[Site "Kazan"]
[Date "2003.??.??"]
[Round "?"]
[White "Askarov, Marat"]
[Black "Chistiakova, Elena"]
[Result "0-1"]
[WhiteElo "2242"]
[BlackElo "2088"]
[PlyCount "66"]
[EventDate "2003.??.??"]
[EventType "team"]
[EventRounds "8"]
[EventCountry "RUS"]
[SourceTitle "EXT 2005"]
[Source "ChessBase"]
[SourceDate "2004.11.15"]
[SourceVersion "1"]
[SourceVersionDate "2004.11.15"]
[SourceQuality "1"]

1. c4 Nf6 2. g3 g6 3. Bg2 Bg7 4. Nc3 0-0 5. e3 d6 6. Nge2 c6 7. b4 e5 8. d3 d5 9. cxd5 Nxd5 10. Nxd5 cxd5 11. 0-0 a6 12. Qb3 Be6 13. d4 Nc6 14. Bb2 Qb6 15. Rfd1 Rfd8 16. h3 e4 17. Bc3 g5 18. g4 Ne7 19. Ng3 f5 20. gxf5 Nxf5 21. Nxf5 Bxf5 22. b5 a5 23. Rdc1 Qe6 24. Be1 Bxh3 25. Bxh3 Qxh3 26. Rc7 a4 27. Qa3 Qg4+ 28. Kf1 Bf8 29. Bb4 Qf3 30. Be7 g4 31. Ke1 g3 32. fxg3 Qxg3+ 33. Ke2 Qh2+ 0-1

[Event "RUS Spartakiad U18"]
[Site "Kazan"]
[Date "2003.??.??"]
[Round "?"]
[White "Chistiakova, Elena"]
[Black "Zakharova, Alexandra"]
[Result "0-1"]
[WhiteElo "2088"]
[BlackElo "2107"]
[PlyCount "81"]
[EventDate "2003.??.??"]
[EventType "team"]
[EventRounds "8"]
[EventCountry "RUS"]
[SourceTitle "EXT 2005"]
[Source "ChessBase"]
[SourceDate "2004.11.15"]
[SourceVersion "1"]
[SourceVersionDate "2004.11.15"]
[SourceQuality "1"]

1. Nf3 Nf6 2. c4 g6 3. b4 Bg7 4. Bb2 0-0 5. g3 d6 6. Bg2 e5 7. d3 Nh5 8. 0-0 e4 9. Bxg7 exf3 10. Bxf8 fxg2 11. Kxg2 Qxf8 12. Nc3 Nd7 13. e4 Ndf6 14. f3 Qh6 15. Qc1 Bh3+ 16. Kf2 Qf8 17. Rg1 Bd7 18. Qg5 Qd8 19. h4 c6 20. g4 Ng7 21. Qe3 Qb6 22. Qxb6 axb6 23. a4 h5 24. g5 Nfe8 25. a5 bxa5 26. Rxa5 Rb8 27. f4 Nc7 28. d4 Kf8 29. Re1 Nce6 30. Ke3 Re8 31. Ne2 Nc7 32. Kd3 d5 33. cxd5 cxd5 34. exd5 Nf5 35. d6 Bb5+ 36. Kd2 Nxd6 37. Ra2 Nc4+ 38. Kd1 Nd5 39. Rg1 Nde3+ 40. Kc1 Ng2 41. Rxg2 0-1

[Event "Chigorin Memorial-B 10th"]
[Site "St Petersburg"]
[Date "2002.10.29"]
[Round "5"]
[White "Pribylnova, Ekaterina"]
[Black "Chistiakova, Elena"]
[Result "1/2-1/2"]
[WhiteElo "2167"]
[BlackElo "2083"]
[PlyCount "60"]
[EventDate "2002.10.25"]
[EventType "swiss"]
[EventRounds "9"]
[EventCountry "RUS"]
[SourceTitle "EXT 2003"]
[Source "ChessBase"]
[SourceDate "2002.11.25"]
[SourceVersion "1"]
[SourceVersionDate "2002.11.25"]
[SourceQuality "1"]

1. d4 d5 2. Nf3 Nf6 3. e3 Bf5 4. c4 c6 5. Nc3 e6 6. Be2 Be7 7. Ne5 h6 8. 0-0 0-0 9. c5 Nbd7 10. f4 Ne4 11. Nxe4 Bxe4 12. b4 Nxe5 13. fxe5 b6 14. Qa4 a5 15. Qxc6 axb4 16. cxb6 Rc8 17. Qb5 Rb8 18. Bd2 Qxb6 19. Qxb6 Rxb6 20. Rfc1 Rb7 21. Bd1 Ra8 22. Bb3 Bd3 23. Kf2 Bh4+ 24. g3 Be7 25. Ke1 f6 26. exf6 Rf8 27. Bc2 Bc4 28. Bb3 Bd3 29. Bc2 Bc4 30. Bb3 Bd3 1/2-1/2

[Event "Chigorin Memorial-B 10th"]
[Site "St Petersburg"]
[Date "2002.10.27"]
[Round "3"]
[White "Sepman, Yulius"]
[Black "Chistiakova, Elena"]
[Result "1-0"]
[WhiteElo "2312"]
[BlackElo "2083"]
[PlyCount "141"]
[EventDate "2002.10.25"]
[EventType "swiss"]
[EventRounds "9"]
[EventCountry "RUS"]
[SourceTitle "EXT 2003"]
[Source "ChessBase"]
[SourceDate "2002.11.25"]
[SourceVersion "1"]
[SourceVersionDate "2002.11.25"]
[SourceQuality "1"]

1. e4 Nf6 2. e5 Nd5 3. d4 d6 4. c4 Nb6 5. exd6 exd6 6. Nf3 Be7 7. Be2 0-0 8. 0-0 Bg4 9. h3 Bh5 10. Nbd2 N8d7 11. b3 d5 12. c5 Nc8 13. b4 c6 14. a4 b6 15. Nb3 Qc7 16. Be3 bxc5 17. dxc5 Bf6 18. Rc1 Ne5 19. Nxe5 Bxe2 20. Qxe2 Bxe5 21. Bd4 Bxd4 22. Nxd4 Ne7 23. Rfe1 Ng6 24. g3 Qd7 25. Kg2 Rfe8 26. Qg4 Qxg4 27. hxg4 Rxe1 28. Rxe1 Rc8 29. f4 Kf8 30. Nf5 a6 31. Nd6 Rd8 32. g5 Ne7 33. Rh1 Kg8 34. Re1 Kf8 35. Kf3 g6 36. Rh1 Kg7 37. Re1 Kf8 38. g4 Nc8 39. Nb7 Re8 40. Rd1 Re7 41. Na5 Na7 42. Nb3 Rb7 43. Rd4 Re7 44. Kf2 Kg7 45. Nd2 h6 46. gxh6+ Kxh6 47. g5+ Kg7 48. Nf3 f6 49. gxf6+ Kxf6 50. Nd2 Kf5 51. Nf1 Kf6 52. Ng3 Rh7 53. Kg2 Re7 54. Rd1 Rb7 55. Rd4 Re7 56. Kf3 Re1 57. f5 gxf5 58. Rf4 Re5 59. Rh4 Re7 60. Rh6+ Kg5 61. Rh5+ Kg6 62. Kf4 Rb7 63. Rg5+ Kf6 64. Nh5+ Ke6 65. Rg6+ Kd7 66. Nf6+ Kc7 67. Rg7+ Kb8 68. Nd7+ Kc8 69. Nb6+ Kb8 70. Rg8+ Kc7 71. Kxf5 1-0

[Event "Petrov Memorial op"]
[Site "St Petersburg"]
[Date "2002.02.16"]
[Round "5"]
[White "Toporov, Victor"]
[Black "Chistiakova, Elena"]
[Result "1/2-1/2"]
[WhiteElo "2177"]
[BlackElo "2073"]
[PlyCount "120"]
[EventDate "2002.02.12"]
[EventType "swiss"]
[EventRounds "9"]
[EventCountry "RUS"]
[SourceTitle "CBM 086 Extra"]
[Source "ChessBase"]
[SourceDate "2002.03.14"]
[SourceVersion "1"]
[SourceVersionDate "2002.03.14"]
[SourceQuality "1"]

1. c3 d5 2. f4 c5 3. Nf3 Nc6 4. g3 Nf6 5. Bg2 e6 6. 0-0 Bd6 7. d3 0-0 8. Qc2 d4 9. Na3 Rb8 10. Nc4 Bc7 11. a4 b6 12. h3 Bb7 13. e4 dxe3 14. Bxe3 Nh5 15. Bf2 Qf6 16. Rae1 Rfd8 17. Nfe5 Nxe5 18. fxe5 Qg6 19. Be4 Bxe4 20. Rxe4 f5 21. exf6 Nxf6 22. Re3 Nd5 23. Rf3 Nf4 24. Kh2 Nxd3 25. Qe2 e5 26. Nd2 Nxf2 27. R1xf2 Qe6 28. Ne4 h6 29. Nf6+ gxf6 30. Rxf6 Qxf6 31. Rxf6 Kg7 32. Rc6 Bd6 33. Qg4+ Kf7 34. Qf5+ Ke7 35. Qh7+ Ke6 36. Qxa7 Kd5 37. Rxd6+ Kxd6 38. Qg7 Ke6 39. Qxh6+ Ke7 40. Qg5+ Ke6 41. g4 Rf8 42. Kg2 Rbd8 43. h4 Rd1 44. Qg6+ Rf6 45. Qe8+ Kd5 46. Qa8+ Kc4 47. Qg8+ Kd3 48. g5 Rf4 49. Qd5+ Kc2 50. Qxe5 Rxh4 51. Qf5+ Kc1 52. g6 Rd2+ 53. Kg3 Rhh2 54. Qe4 Rh8 55. b4 cxb4 56. cxb4 Rhd8 57. Qc6+ Kb2 58. Qf6+ R8d4 59. Qg5 R4d3+ 60. Kf4 Rd4+ 1/2-1/2

[Event "Petrov Memorial op"]
[Site "St Petersburg"]
[Date "2002.02.14"]
[Round "3"]
[White "Razuvajeva, Julia"]
[Black "Chistiakova, Elena"]
[Result "1/2-1/2"]
[WhiteElo "2189"]
[BlackElo "2073"]
[PlyCount "87"]
[EventDate "2002.02.12"]
[EventType "swiss"]
[EventRounds "9"]
[EventCountry "RUS"]
[SourceTitle "CBM 086 Extra"]
[Source "ChessBase"]
[SourceDate "2002.03.14"]
[SourceVersion "1"]
[SourceVersionDate "2002.03.14"]
[SourceQuality "1"]

1. d4 d5 2. c4 c6 3. Nf3 Nf6 4. e3 e6 5. Nbd2 Nbd7 6. Bd3 Bd6 7. 0-0 0-0 8. e4 dxe4 9. Nxe4 Nxe4 10. Bxe4 f5 11. Bc2 e5 12. Bg5 Be7 13. Bxe7 Qxe7 14. dxe5 Nxe5 15. Re1 Nxf3+ 16. Qxf3 Qf6 17. b4 Be6 18. Bb3 Bf7 19. h3 Rfe8 20. Rad1 Rxe1+ 21. Rxe1 Rd8 22. c5 a6 23. Qe3 Bxb3 24. Qxb3+ Qf7 25. Re7 Qxb3 26. axb3 Rb8 27. Rc7 h6 28. Kf1 Kh7 29. f4 h5 30. Kf2 h4 31. Kf3 b6 32. Rxc6 bxc5 33. bxc5 Rxb3+ 34. Ke2 Rb2+ 35. Kd3 Rxg2 36. Rxa6 Rg3+ 37. Kd4 Rxh3 38. c6 Rh1 39. Ra3 Rc1 40. Rc3 Rxc3 41. Kxc3 h3 42. c7 h2 43. c8Q h1Q 44. Qxf5+ 1/2-1/2

[Event "Petrov Memorial op"]
[Site "St Petersburg"]
[Date "2002.02.13"]
[Round "2"]
[White "Chistiakova, Elena"]
[Black "Alikhanov, Felix"]
[Result "0-1"]
[WhiteElo "2073"]
[BlackElo "2305"]
[PlyCount "78"]
[EventDate "2002.02.12"]
[EventType "swiss"]
[EventRounds "9"]
[EventCountry "RUS"]
[SourceTitle "CBM 086 Extra"]
[Source "ChessBase"]
[SourceDate "2002.03.14"]
[SourceVersion "1"]
[SourceVersionDate "2002.03.14"]
[SourceQuality "1"]

1. Nf3 Nf6 2. g3 b6 3. Bg2 Bb7 4. 0-0 g6 5. b3 Bg7 6. Bb2 0-0 7. c4 c5 8. Nc3 Ne4 9. Qc2 Nd6 10. Nd5 f6 11. d3 e6 12. Nc3 Nc6 13. e3 f5 14. Rad1 g5 15. Nb5 Nf7 16. Bxg7 Kxg7 17. Qb2+ Kg8 18. h4 a6 19. Nc3 g4 20. Ne1 Qc7 21. Ne2 Nce5 22. Bxb7 Qxb7 23. Nf4 Rad8 24. d4 cxd4 25. exd4 Ng6 26. Neg2 b5 27. c5 b4 28. Rfe1 Rfe8 29. Qc2 Re7 30. d5 Nfe5 31. Re2 Nf3+ 32. Kh1 Ree8 33. Nh5 Nfe5 34. Nf6+ Kf7 35. Nxe8 Rxe8 36. dxe6+ dxe6 37. Qb2 Qc7 38. Qc2 Rd8 39. Rxd8 Qxd8 0-1

[Event "Chigorin Memorial 09th"]
[Site "St Petersburg"]
[Date "2001.10.27"]
[Round "2"]
[White "Muratov, Sergey"]
[Black "Chistiakova, Elena"]
[Result "0-1"]
[WhiteElo "2303"]
[BlackElo "2074"]
[PlyCount "54"]
[EventDate "2001.10.26"]
[EventType "swiss"]
[EventRounds "9"]
[EventCountry "RUS"]
[SourceTitle "EXT 2002"]
[Source "ChessBase"]
[SourceDate "2001.11.25"]
[SourceVersion "1"]
[SourceVersionDate "2001.11.25"]
[SourceQuality "1"]

1. d4 d5 2. c4 c6 3. Nf3 Nf6 4. Nc3 dxc4 5. e3 b5 6. a4 b4 7. Na2 e6 8. Bxc4 Nbd7 9. 0-0 Bb7 10. Bd2 a5 11. Nc1 c5 12. Nd3 cxd4 13. exd4 Bd6 14. Nde5 Bxf3 15. Qxf3 0-0 16. Rfe1 Bxe5 17. dxe5 Nxe5 18. Rxe5 Qxd2 19. b3 Rfd8 20. Rae1 Rac8 21. h4 h5 22. Rf1 Qd4 23. Rxa5 Qxh4 24. Ra7 Qe4 25. Qxe4 Nxe4 26. Rb7 Nd2 27. Rc1 Nxb3 0-1

[Event "Chigorin Memorial 09th"]
[Site "St Petersburg"]
[Date "2001.10.26"]
[Round "1"]
[White "Chistiakova, Elena"]
[Black "Orlov, Andrey"]
[Result "0-1"]
[WhiteElo "2074"]
[BlackElo "2378"]
[PlyCount "94"]
[EventDate "2001.10.26"]
[EventType "swiss"]
[EventRounds "9"]
[EventCountry "RUS"]
[SourceTitle "EXT 2002"]
[Source "ChessBase"]
[SourceDate "2001.11.25"]
[SourceVersion "1"]
[SourceVersionDate "2001.11.25"]
[SourceQuality "1"]

1. Nf3 Nf6 2. c4 e6 3. Nc3 c5 4. g3 a6 5. Bg2 Qc7 6. 0-0 Be7 7. e3 0-0 8. Qe2 d6 9. b3 Nbd7 10. Bb2 Rb8 11. Rfd1 b6 12. d4 Bb7 13. e4 Rfe8 14. d5 Bf8 15. Qc2 e5 16. Nh4 g6 17. Bh3 Bg7 18. a4 Qd8 19. Bc1 Bc8 20. Be3 Nh5 21. Nf3 Ndf6 22. Bxc8 Qxc8 23. Kg2 Nf4+ 24. Bxf4 exf4 25. Rab1 Nh5 26. Re1 fxg3 27. hxg3 Nf4+ 28. Kg1 Qh3 29. gxf4 Qxf3 30. Re3 Qxf4 31. Ne2 Qg4+ 32. Kf1 Bh6 33. Rg3 Qxe4 34. Qxe4 Rxe4 35. Nc3 Ree8 36. Rf3 Bg7 37. Ne2 b5 38. axb5 axb5 39. Rc1 h5 40. Re3 Rxe3 41. fxe3 Be5 42. Rc2 bxc4 43. bxc4 Rb2 44. Rc1 g5 45. Nc3 h4 46. Ne4 h3 47. Kg1 g4 0-1

[Event "St Petersburg op"]
[Site "St Petersburg"]
[Date "2001.??.??"]
[Round "6"]
[White "Chistiakova, Elena"]
[Black "Marinin, Viktor"]
[Result "1/2-1/2"]
[WhiteElo "2066"]
[BlackElo "2096"]
[PlyCount "20"]
[EventDate "2001.??.??"]
[EventType "swiss"]
[EventRounds "9"]
[EventCountry "RUS"]
[SourceTitle "EXT 2002"]
[Source "ChessBase"]
[SourceDate "2001.11.25"]
[SourceVersion "1"]
[SourceVersionDate "2001.11.25"]
[SourceQuality "1"]

1. d4 Nf6 2. c4 c5 3. Nf3 g6 4. e3 Bg7 5. Be2 0-0 6. d5 b5 7. 0-0 d6 8. cxb5 a6 9. Nc3 Qb6 10. Qb3 axb5 1/2-1/2

[Event "St Petersburg op"]
[Site "St Petersburg"]
[Date "2001.??.??"]
[Round "1"]
[White "Nikolaev, Nikita"]
[Black "Chistiakova, Elena"]
[Result "1-0"]
[WhiteElo "2305"]
[BlackElo "2066"]
[PlyCount "65"]
[EventDate "2001.??.??"]
[EventType "swiss"]
[EventRounds "9"]
[EventCountry "RUS"]
[SourceTitle "EXT 2002"]
[Source "ChessBase"]
[SourceDate "2001.11.25"]
[SourceVersion "1"]
[SourceVersionDate "2001.11.25"]
[SourceQuality "1"]

1. d4 d5 2. c4 c6 3. Nf3 Nf6 4. Nc3 dxc4 5. g3 e6 6. Bg2 Be7 7. 0-0 0-0 8. Ne5 Nd5 9. Nxc4 Nxc3 10. bxc3 b5 11. Ne5 Bb7 12. a4 Qc8 13. Qb3 a6 14. Ba3 Bxa3 15. Qxa3 Nd7 16. Nxd7 Qxd7 17. Qc5 Rac8 18. Rfb1 Rfd8 19. Qb6 Qc7 20. Qxc7 Rxc7 21. axb5 axb5 22. Ra7 g6 23. e3 Rb8 24. Bf1 Ra8 25. Rxa8+ Bxa8 26. Ra1 Rc8 27. Bg2 Bb7 28. Ra7 Rb8 29. Kf1 Kf8 30. Ke1 Ke8 31. Rxb7 Rxb7 32. Bxc6+ Rd7 33. Bxb5 1-0

[Event "Chigorin Memorial 08th"]
[Site "St Petersburg"]
[Date "2000.11.02"]
[Round "3"]
[White "Zvezdov, Nikolay S"]
[Black "Chistiakova, Elena"]
[Result "0-1"]
[WhiteElo "2285"]
[BlackElo "2098"]
[PlyCount "78"]
[EventDate "2000.10.31"]
[EventType "swiss"]
[EventRounds "9"]
[EventCountry "RUS"]
[SourceTitle "EXT 2001"]
[Source "ChessBase"]
[SourceDate "2000.11.22"]
[SourceVersion "1"]
[SourceVersionDate "2000.11.22"]
[SourceQuality "1"]

1. d4 d5 2. c4 c6 3. e3 Nf6 4. Nc3 e6 5. Nf3 Nbd7 6. b3 Bd6 7. Bb2 0-0 8. Be2 b6 9. 0-0 Bb7 10. Qc2 dxc4 11. bxc4 c5 12. Rfd1 cxd4 13. exd4 a6 14. a4 Rc8 15. Qb3 Qc7 16. h3 Nh5 17. a5 Nf4 18. Bf1 Nxh3+ 19. gxh3 Bxf3 20. Bd3 Bh2+ 21. Kf1 Bxd1 22. Qxd1 Nf6 23. Kg2 Bf4 24. axb6 Qxb6 25. Na4 Qb7+ 26. Kg1 Rfd8 27. Qe2 Rb8 28. d5 e5 29. Bc3 Qd7 30. Kg2 Qd6 31. Qa2 e4 32. Bxf6 Qxf6 33. Bxe4 Qd4 34. Bf3 Rb4 35. c5 Be5 36. c6 Qxa1 37. Qxa1 Bxa1 38. c7 Rf8 39. Nc5 Rc4 0-1

[Event "Chigorin Memorial 08th"]
[Site "St Petersburg"]
[Date "2000.11.01"]
[Round "2"]
[White "Chistiakova, Elena"]
[Black "Gubernatorov, Sergey"]
[Result "0-1"]
[WhiteElo "2098"]
[BlackElo "2298"]
[PlyCount "90"]
[EventDate "2000.10.31"]
[EventType "swiss"]
[EventRounds "9"]
[EventCountry "RUS"]
[SourceTitle "EXT 2001"]
[Source "ChessBase"]
[SourceDate "2000.11.22"]
[SourceVersion "1"]
[SourceVersionDate "2000.11.22"]
[SourceQuality "1"]

1. e4 c5 2. Nf3 e6 3. b3 Nf6 4. e5 Nd5 5. Bb2 Be7 6. Nc3 Nxc3 7. Bxc3 0-0 8. Be2 Nc6 9. 0-0 d5 10. exd6 Qxd6 11. d3 e5 12. Re1 Be6 13. Bf1 f6 14. Nd2 Nd4 15. Nc4 Qc6 16. a4 b6 17. Bxd4 cxd4 18. Be2 Bb4 19. Bf3 Bd5 20. Bxd5+ Qxd5 21. Rf1 Rae8 22. Qe2 f5 23. f3 Re6 24. Rf2 Rc8 25. Raf1 a6 26. Qd1 b5 27. axb5 axb5 28. Nd2 Rec6 29. Nb1 Qd7 30. Re2 Qc7 31. Rff2 Be7 32. Qc1 h6 33. g3 e4 34. Qb2 exf3 35. Rxf3 Rxc2 36. Rxc2 Qxc2 37. Qxc2 Rxc2 38. Rxf5 Rb2 39. Rf1 Bb4 40. Rd1 Kf7 41. Kh1 Ke6 42. Kg1 h5 43. h3 Ke5 44. Kh1 h4 45. gxh4 Kf4 0-1

[Event "RUS-Cup"]
[Site "Bor"]
[Date "2000.??.??"]
[Round "1"]
[White "Chistiakova, Elena"]
[Black "Shinkevich, Vitaly"]
[Result "0-1"]
[WhiteElo "2069"]
[BlackElo "2440"]
[PlyCount "52"]
[EventDate "2000.06.??"]
[EventType "swiss"]
[EventRounds "9"]
[EventCountry "RUS"]
[SourceTitle "EXT 2001"]
[Source "ChessBase"]
[SourceDate "2000.11.22"]
[SourceVersion "1"]
[SourceVersionDate "2000.11.22"]
[SourceQuality "1"]

1. e4 e5 2. Nf3 Nc6 3. Bb5 a6 4. Bxc6 dxc6 5. Nc3 f6 6. d4 exd4 7. Nxd4 c5 8. Nde2 Qxd1+ 9. Nxd1 Be6 10. Nf4 Bf7 11. 0-0 0-0-0 12. Ne3 Ne7 13. b3 Nc6 14. Rd1 Rxd1+ 15. Nxd1 Bd6 16. c3 Be5 17. Be3 c4 18. Rb1 cxb3 19. axb3 Rd8 20. c4 Nd4 21. Nd5 Nc2 22. Kf1 c6 23. Ne7+ Kc7 24. Nf5 Bh5 25. f3 g6 26. Rc1 gxf5 0-1

[Event "Gyongyos Matra Cup"]
[Site "Gyongyos"]
[Date "1999.??.??"]
[Round "8"]
[White "Chistiakova, Elena"]
[Black "Bodi, Tamas"]
[Result "0-1"]
[WhiteElo "2115"]
[BlackElo "2205"]
[PlyCount "124"]
[EventDate "1999.??.??"]
[EventType "swiss"]
[EventRounds "9"]
[EventCountry "HUN"]
[SourceTitle "EXT 2000"]
[Source "ChessBase"]
[SourceDate "1999.11.16"]
[SourceVersion "1"]
[SourceVersionDate "1999.11.16"]
[SourceQuality "1"]

1. e4 c6 2. d4 d5 3. Nc3 dxe4 4. Nxe4 Bf5 5. Ng3 Bg6 6. Nf3 Nd7 7. Bd3 Ngf6 8. Bxg6 hxg6 9. Qe2 e6 10. Bg5 Qa5+ 11. c3 Bd6 12. 0-0 Qc7 13. Rfe1 Nh5 14. Ne5 Nxg3 15. hxg3 Nf8 16. Bd2 0-0-0 17. Nd3 f6 18. Bf4 g5 19. Bxd6 Rxd6 20. Nc5 g6 21. f3 b6 22. Ne4 Rd8 23. Kf2 g4 24. fxg4 f5 25. Ng5 f4 26. Qe5 fxg3+ 27. Kxg3 Qxe5+ 28. Rxe5 Rd5 29. Rae1 Rxe5 30. Rxe5 Kd7 31. Nh3 Rh7 32. Kf4 Rf7+ 33. Kg5 Rf1 34. Kh6 Ke7 35. Re2 Kf7 36. Rf2+ Rxf2 37. Nxf2 Nd7 38. Kg5 e5 39. Ne4 exd4 40. cxd4 a6 41. Nd2 Nf8 42. Kf4 Ke6 43. Ke4 Nd7 44. Nc4 b5 45. Ne5 Nxe5 46. dxe5 c5 47. a3 a5 48. b3 g5 49. a4 c4 50. bxc4 bxa4 51. Kd4 a3 52. Kc3 Kxe5 53. Kb3 Kd4 54. Kxa3 Kxc4 55. Ka4 Kd3 56. Kxa5 Ke2 57. Kb4 Kf2 58. Kc3 Kxg2 59. Kd2 Kg3 60. Ke2 Kxg4 61. Kf2 Kh3 62. Kg1 g4 0-1

[Event "Gyongyos Matra Cup"]
[Site "Gyongyos"]
[Date "1999.??.??"]
[Round "5"]
[White "Frink, Ferenc"]
[Black "Chistiakova, Elena"]
[Result "0-1"]
[WhiteElo "2200"]
[BlackElo "2115"]
[PlyCount "114"]
[EventDate "1999.??.??"]
[EventType "swiss"]
[EventRounds "9"]
[EventCountry "HUN"]
[SourceTitle "EXT 2000"]
[Source "ChessBase"]
[SourceDate "1999.11.16"]
[SourceVersion "1"]
[SourceVersionDate "1999.11.16"]
[SourceQuality "1"]

1. e4 c5 2. Nf3 Nc6 3. d4 cxd4 4. Nxd4 Qb6 5. Nb3 Nf6 6. Nc3 e6 7. Be3 Qc7 8. a3 a6 9. f4 d6 10. g4 Be7 11. h4 b5 12. g5 Nd7 13. Qd2 Bb7 14. Bg2 Nb6 15. Bxb6 Qxb6 16. Qf2 Qxf2+ 17. Kxf2 Bd8 18. Rhd1 Bb6+ 19. Kg3 Ke7 20. Ne2 Rac8 21. c3 e5 22. f5 f6 23. Rd3 Na5 24. Nxa5 Bxa5 25. Rad1 Bc7 26. Kg4 h6 27. Ng3 hxg5 28. hxg5 Rh2 29. R3d2 Rch8 30. Kf3 fxg5 31. Rh1 Kf6 32. Rdd1 Rxh1 33. Rxh1 Rxh1 34. Bxh1 g6 35. Kg4 Bc8 36. Bg2 Bb6 37. Kf3 gxf5 38. Nxf5 d5 39. Nd6 Be6 40. Ke2 d4 41. Kd3 g4 42. c4 Bc5 43. cxb5 Bxd6 44. bxa6 Bc8 45. a7 Ba6+ 46. Kc2 Bb7 47. b4 Bc7 48. Kb3 Bb6 49. Kc4 Bxa7 50. a4 Kg5 51. a5 Ba6+ 52. b5 d3 53. Bf1 d2 54. Be2 Bxb5+ 55. Kxb5 g3 56. Ka6 Bd4 57. Bf3 Kf4 0-1